| 000 | 00649nam a22001937a 4500 | ||
|---|---|---|---|
| 005 | 20251108171250.0 | ||
| 008 | 250721s1988 xx 000 0 ara d | ||
| 082 | 1 | 4 | _aم/693.82/كود |
| 100 | 1 | _aالداود، فارس | |
| 245 | 1 | 0 | _aكود أنظمة الإنذار من الحريق / |
| 264 | 1 |
_aعمان : _bوزارة الأشغال العامة و الإسكان، _c1988. |
|
| 490 | 0 | _aدستور البناء الوطني الأرجني ؛ 23 | |
| 650 | 1 | 7 | _aالمباني |
| 650 | 1 | 7 | _aالوقاية ضد الحريق |
| 650 | 1 | 7 | _aالحرائق |
| 650 | 1 | 7 | _aأجهزة الإنذار |
| 942 |
_2ddc _cREF |
||
| 999 |
_c60821 _d60821 |
||